| 000 | 00927cam a2200181ua 4500 | ||
|---|---|---|---|
| 020 | _c7.90 | ||
| 041 |
_aeng _h |
||
| 082 |
_a028.75621 _bEMM/ME |
||
| 110 | 1 |
_aEmmott and company . _b _c(Manchester ) |
|
| 245 | _aMechanical world electrical year book | ||
| 250 |
_a1 / _b. |
||
| 260 |
_aManchesters : _bEmmott and company limited , _c1966. |
||
| 300 | _a360 ; . | ||
| 365 | _a7.90 | ||
| 504 | _a | ||
| 942 | _cBK | ||
| 999 |
_c6888 _d6888 |
||